Verdades de mentira : (Registro nro. 37414)
[ vista simple ]
| 000 -CABECERA | |
|---|---|
| campo de control de longitud fija | 00998nam a2200181 a 4500 |
| 001 - NÚMERO DE CONTROL | |
| campo de control | 000037924 |
| 005 - FECHA Y HORA DE LA ÚLTIMA TRANSACCIÓN | |
| campo de control | 20201002031134.0 |
| 008 - DATOS DE LONGITUD FIJA--INFORMACIÓN GENERAL | |
| campo de control de longitud fija | 130308s1982 dr 000 0 spa d |
| 020 ## - NÚMERO INTERNACIONAL ESTÁNDAR DEL LIBRO | |
| Número Internacional Estándar del Libro | 9580207461 |
| 040 ## - FUENTE DE LA CATALOGACIÓN | |
| Centro catalogador/agencia de origen | DO-SdBNP |
| Lengua de catalogación | spa |
| Centro/agencia transcriptor | BNPHU |
| 100 1# - ENTRADA PRINCIPAL--NOMBRE DE PERSONA | |
| Nombre de persona | Tuleja, Tad |
| 9 (RLIN) | 64358 |
| 245 10 - MENCIÓN DE TÍTULO | |
| Título | Verdades de mentira : |
| Resto del título | la verdad sobre más de 200 falsas creencias aceptadas como ciertas / |
| Mención de responsabilidad, etc. | Tad Tuleja. |
| 250 ## - MENCIÓN DE EDICIÓN | |
| Mención de edición | 2a. ed. |
| 260 ## - PUBLICACIÓN, DISTRIBUCIÓN, ETC. | |
| Lugar de publicación, distribución, etc. | Colombia : |
| Nombre del editor, distribuidor, etc. | Voluntad, |
| Fecha de publicación, distribución, etc. | 1982. |
| 300 ## - DESCRIPCIÓN FÍSICA | |
| Extensión | 222 p. ; |
| Dimensiones | 23 cm. |
| 504 ## - NOTA DE BIBLIOGRAFÍA, ETC. | |
| Nota de bibliografía, etc. | Bibliografía : p. 221-22 |
| 505 0# - NOTA DE CONTENIDO CON FORMATO | |
| Título | Prólogo -- |
| -- | El exiliado-- |
| -- | La calle -- |
| -- | El agregado-- |
| -- | Bolero -- |
| -- | Octava avenida-- |
| -- | Plena -- |
| -- | Asimilismo -- |
| -- | Cuarenta y siete octava -- |
| -- | Muertos en la calle -- |
| -- | Uva Playera -- |
| -- | Madrugada -- |
| -- | Los nombres -- |
| -- | Recuerdos de mentira -- |
| -- | Estado cincuentaíno -- |
| -- | Bolero triste -- |
| -- | Meditación primera: el camaleón -- |
| -- | Algunas verdades duelen -- |
| -- | Meditación segunda: el pitirre -- |
| -- | Y todo el resto es literatura -- |
| -- | Diógenes -- |
| -- | Requiém para güiro y órgano. |
| Estado de retiro | Estado de pérdida | No para préstamo | Código de colección | Localización permanente | Ubicación/localización actual | Ubicación en estantería | Fecha de adquisición | Número de inventario | Total de préstamos | Signatura topográfica completa | Código de barras | Fecha visto por última vez | Precio válido a partir de | Tipo de ítem Koha |
|---|---|---|---|---|---|---|---|---|---|---|---|---|---|---|
| Patrimonio Dominicano | General | General | Orden iniciada | 08.03.2013 | LF1 | 37924-10 | 25.06.2020 | 25.06.2020 | Libro y Folleto Colección Patrimonio Dominicano |
